Countries with the Most Olympic Medals in Ice Hockey - Statistics

General Stats
  • This quiz has been taken 83 times
  • The average score is 11 of 16
Answer Stats
G S B Medals Country % Correct
14 6 3 23 Canada
100%
4 12 2 18 United States
100%
0 1 1 2 Russia
99%
1 2 8 11 Finland
97%
2 4 5 11 Sweden
97%
0 1 1 2 Germany
92%
1 0 1 2 Czech Republic
86%
1 0 1 2 Great Britain
84%
0 0 1 1 Slovakia
84%
7 1 1 9 Soviet Union
83%
0 0 3 3 Switzerland
76%
0 4 4 8 Czechoslovakia
63%
0 0 1 1 West Germany
41%
1 0 0 1 Unified Team
8%
1 0 0 1 Olympic Athletes from Russia
3%
0 1 0 1 Russian Olympic Committee
3%
No matching quizzes found
Score Distribution
Percent of People with Each Score
Percentile by Number Answered
Your Score History
You have not taken this quiz